• 首页
  • 本馆介绍
  • 公告通知
  • 最新文献
  • 馆藏检索
  • 电子资源
  • 读者导购
  • 参考咨询
  • 我的图书馆
  • 登录
  • 详细信息显示
  • 放入我的书架
  • 预约/预借图书
  • 作者相关作品
  • 分类相关作品
  • 丛书相关作品
  • 出版社相关作品

书目信息

  • 表格格式
  • 工作单格式
  • 卡片格式
题名:
有机鸡生产技术指南
    
 
作者: 袁建敏 主编
分册:  
出版信息: 北京   中国农业大学出版社  2020.05
页数: 140页
开本: 24cm
丛书名: 中国农业大学有机农业丛书
单 册:
中图分类: S831.4
科图分类:
主题词: 鸡--ji--饲养管理--指南
电子资源:
ISBN: 978-7-5655-2284-0
000 01153nam 2200301 450
001 CAL 0120161766099
005 20230217093112.0
010    @a978-7-5655-2284-0@dCNY48.00
100    @a20200624d2020 em y0chiy0120 ea
101 0  @achi
102    @aCN@b110000
105    @aak a 000yy
106    @ar
200 1  @a有机鸡生产技术指南@Ayou ji ji sheng chan ji shu zhi nan@f袁建敏主编
210    @a北京@c中国农业大学出版社@d2020.05
215    @a140页@c图@d24cm
225 2  @a中国农业大学有机农业丛书@Azhong guo nong ye da xue you ji nong ye cong shu
300    @a北京市生态学重点学科项目资助 生物多样性与有机农业北京市重点实验室项目资助
312    @a英文题名取自封面
320    @a有书目 (第136-140页)
330    @a本书内容包括有机鸡生产的国内外现状及趋势、有机鸡生产与禽产品品质、有机鸡品种要求、鸡场选址和鸡舍工艺、有机鸡的饲养技术、饲料生产和配制等。
410  0 @12001 @a中国农业大学有机农业丛书
510 1  @aTechnical guide for organic chicken production@zeng
606 0  @a鸡@Aji@x饲养管理@j指南
690    @aS831.4@v5
701  0 @a袁建敏@Ayuan jian min@4主编
801  0 @aCN@bBJXHZP@c20230228
905    @b1380200-3@dS831.4@e222@f4
    
    有机鸡生产技术指南/袁建敏主编.-北京:中国农业大学出版社,2020.05
    140页:图;24cm.-(中国农业大学有机农业丛书)
    北京市生态学重点学科项目资助 生物多样性与有机农业北京市重点实验室项目资助
    
    ISBN 978-7-5655-2284-0:CNY48.00
    本书内容包括有机鸡生产的国内外现状及趋势、有机鸡生产与禽产品品质、有机鸡品种要求、鸡场选址和鸡舍工艺、有机鸡的饲养技术、饲料生产和配制等。
●
相关链接 在E读中查询图书 在五车中查询图书 在当当中查询图书 在豆瓣中查询图书


正题名:有机鸡生产技术指南     索取号:S831.4/222         预约/预借

序号 登录号 条形码 馆藏地/架位号 状态 备注
1 1380200   213802009   第二样本阅览室/ [索取号:S831.4/222] 在馆    
2 1380201   213802018   第三借阅区/ [索取号:S831.4/222] 在馆    
3 1380202   213802027   第三借阅区/ [索取号:S831.4/222] 在馆    
4 1380203   213802036   第三借阅区/ [索取号:S831.4/222] 在馆    
唐山师范学院图书馆 欢迎您!
大连网信软件有限公司© 版权所有